| 000 | 00559nam a2200229 a 4500 | ||
|---|---|---|---|
| 001 | nice12345678 | ||
| 003 | IN_TiNIC | ||
| 005 | 20260116014908.0 | ||
| 008 | 140217s2001 dela grp 000 0 eng | ||
| 020 |
_a818757061X _c120 |
||
| 082 | 0 | 0 |
_a704.94897 _bARB |
| 100 | _aArberry, A J | ||
| 245 | _aIslamic Art of Persia | ||
| 260 |
_aDelhi _bGoodword Books _c2001 |
||
| 300 | _a421p | ||
| 500 | _aincludes index and biblioraphy | ||
| 650 | _aArt-Islamic-Persian | ||
| 700 | 1 | _aArberry, A J | |
| 902 | _bSRS | ||
| 942 | _cBK | ||
| 999 |
_c17446 _d17446 |
||